000 01005nam a22003130a 4500
001 PT21693
003 AR-LpoUNG
005 20210131233018.0
008 191001s2004||||ag |||||||||||||||||spa d
020 _a9505153538
_c$4.44
040 _aAR-LpoUNG
_bspa
_cAR-LpoUNG
_eaacr
041 _aspa
044 _aag
082 0 _a982.063 223qui
100 1 _aWalsh, Rodolfo
245 1 0 _a¿Quién mató a Rosendo?
250 _a10ma. ed.
260 _aBuenos Aires :
_bDe la Flor,
_c2004.
300 _a174 p. :
_bil.
520 _a<p>Este libro fue inicialmente una serie de notas publicadas en el semanario CGT a mediados de 1968. Su tema superficial es la muerte del simpático matón y capitalista de juego Rosendo García; su tema profundo es el drama del sindicalismo peronista a partir de 1955.</p>
650 4 _aARGENTINA
650 4 _aHISTORIA
650 4 _aSINDICALISMO
650 4 _aSINDICATOS
651 4 _aArgentina
653 _aPERONISMO
905 _a21693
942 _cLIB
999 _c18725
_d18725